000 01628nam a2200313 a 4500
001 ASIN0857255185
005 20170105102850.0
008 130821s2012 xxu eng d
020 _a0857255185 (paperback)
_c$38.00
020 _a9780857255181 (paperback)
040 _a0
050 0 4 _aHV6433.G7
082 0 4 _a363.3250941
100 1 _aBlake, Christopher.
245 1 0 _aPolicing terrorism /
_cChristopher Blake, Barrie Sheldon, Rachael Strzelecki, Peter Williams.
260 _a[S.l.] :
_bLearning Matters,
_c2012.
300 _a200 p. ;
_c25 cm.
490 1 _aPolicing matters series.
520 _aThis is an accessible and up to date text for students on police-related degree courses covering a highly topical area of policing. Terrorism has become a major issue for policing during the 21st century, exacerbated by world events, the emerging new terrorism with its global implications, and a growing need to develop effective counter-terrorism strategies. The book provides students with a historical perspective, introduces a number of well established theories relating to terrorism, and considers how the UK has responded by developing a counter terrorism strategy. In a fast-moving area, it captures the latest changes in legislation and government strategy.
650 0 _aGreat Britain
650 0 _aPolice
650 0 _aTerrorism--Prevention
700 1 _aSheldon, Barrie.
700 1 _aStrzelecki, Rachael.
700 1 _aWilliams, Peter.
830 0 _aPolicing matters series.
856 4 0 _3Amazon.com
_uhttp://www.amazon.com/exec/obidos/ASIN/0857255185/chopaconline-20
942 _2ddc
_cBK
999 _c14234
_d14234